Wymień wszystkie przystanki linii S2 - Statystyki

Ogólne statystyki
  • Ten quiz został rozwiązany 3 razy
  • Średni wynik to 12 z 16
Statystyki odpowiedzi
Dzielnica Przystanek % Poprawnych
Sulejówek Sulejówek
100%
Sulejówek Sulejówek Miłosna
100%
Wola Warszawa Ochota
100%
Rembertów Warszawa Rembertów
100%
Śródmieście Warszawa Śródmieście
100%
Wesoła Warszawa Wesoła
100%
Ochota Warszawa Aleje Jerozolimskie
67%
Włochy Warszawa Lotnisko Chopina
67%
Śródmieście Warszawa Powiśle
67%
Mokotów Warszawa Służewiec
67%
Praga Płd Warszawa Stadion
67%
Wesoła Warszawa Wola Grzybowska
67%
Praga Płd Warszawa Wschodnia
67%
Wola Warszawa Zachodnia
67%
Ochota Warszawa Żwirki I WIgury
67%
Ochota Warszawa Rakowiec
33%
Nie znaleziono quizów pasujących do podanych kryteriów
Rozkład punktacji
Procent ludzi z każdym wynikiem
Percentyl według liczby udzielonych odpowiedzi
Twoja historia wyników
Nie rozwiązałeś tego quizu